000
00243nam a2200109Ia 4500
008
190216s9999||||xx |||||||||||||| ||und||
100
_a
Kishin Chandran
245
0
_a
Namkadanmaran
260
_b
Nbs Kottayam
650
_a
Kathakal
942
_c
BK
999
_c
24852
_d
24852